| 000 | 00790nas a22002057a 4500 | ||
|---|---|---|---|
| 005 | 20260603152320.0 | ||
| 008 | 260529b19901998porf||p| ||||f00| z0por d | ||
| 040 | _cBR-ViAPE | ||
| 245 | _aRevista de História | ||
| 260 |
_aVitória _bUniversidade Federal do Espírito Santo, Centro de Estudos Gerais, Departamento de História. _c1990-1998 |
||
| 300 |
_av. _bil. |
||
| 310 | _aSemestral | ||
| 362 | _an. 1 (1990) - n. 7 (1999). | ||
| 500 | _aColeção incompleta: disponíveis apenas alguns números do periódico. | ||
| 650 |
_aHistória _xArtigos _xPolítica Social _zEspírito Santo |
||
| 651 |
_aEspírito Santo (Brasil) _vPeriódicos |
||
| 710 | _aUniversidade Federal do Espírito Santo, Centro de Estudos Gerais, Departamento de História. | ||
| 942 |
_2ddc _cPER _n1 |
||
| 999 |
_c732 _d732 |
||